<?xml version="1.0" encoding="UTF-8"?>
<record
    xmlns:xsi="http://www.w3.org/2001/XMLSchema-instance"
    xsi:schemaLocation="http://www.loc.gov/MARC21/slim http://www.loc.gov/standards/marcxml/schema/MARC21slim.xsd"
    xmlns="http://www.loc.gov/MARC21/slim">

  <leader>01978nam a2200397 a 4500</leader>
  <controlfield tag="005">20240801134524.0</controlfield>
  <controlfield tag="008">100511t2009||||ag a   f |||| 00| 0 spa d</controlfield>
  <datafield tag="020" ind1=" " ind2=" ">
    <subfield code="a">9789500617000</subfield>
  </datafield>
  <datafield tag="041" ind1=" " ind2=" ">
    <subfield code="a">spa</subfield>
  </datafield>
  <datafield tag="092" ind1=" " ind2=" ">
    <subfield code="c">616.5</subfield>
    <subfield code="l">27</subfield>
    <subfield code="s">FIT</subfield>
  </datafield>
  <datafield tag="245" ind1=" " ind2=" ">
    <subfield code="a">Fitzpatrick. Dermatolog&#xED;a en Medicina General.</subfield>
    <subfield code="b">T.1 /</subfield>
    <subfield code="c">Klaus Wolff</subfield>
  </datafield>
  <datafield tag="250" ind1=" " ind2=" ">
    <subfield code="a">7a ed.</subfield>
    <subfield code="b">Traducci&#xF3;n Alvarez, J.P.; Carini, F.; Facorro, L.; Klajn, D.; Lopez, G.; Mezzano, G.; Rodriguez Chiapetta, F. y Taveira, J. </subfield>
  </datafield>
  <datafield tag="260" ind1=" " ind2=" ">
    <subfield code="a">Buenos Aires: </subfield>
    <subfield code="b">Editorial M&#xE9;dica Panamericana;</subfield>
    <subfield code="c">2009.</subfield>
  </datafield>
  <datafield tag="300" ind1=" " ind2=" ">
    <subfield code="a">1-684 p.</subfield>
    <subfield code="b">il.</subfield>
    <subfield code="c">28x22 cm.</subfield>
  </datafield>
  <datafield tag="500" ind1=" " ind2=" ">
    <subfield code="a">Wolff, K. (Dir.). et al. (2009). Fitzpatrick. Dermatolog&#xED;a en medicina general. T.1 (7a ed.). Buenos Aires : Editorial M&#xE9;dica Panamericana.</subfield>
  </datafield>
  <datafield tag="590" ind1=" " ind2=" ">
    <subfield code="a">Donaci&#xF3;n Alvarez, Betsabe. Abril 2019</subfield>
  </datafield>
  <datafield tag="653" ind1=" " ind2=" ">
    <subfield code="a">Consideraciones generales</subfield>
  </datafield>
  <datafield tag="653" ind1=" " ind2=" ">
    <subfield code="a">Enfoque del diagnostico dermatol&#xF3;gico</subfield>
  </datafield>
  <datafield tag="653" ind1=" " ind2=" ">
    <subfield code="a">Generalidades de la biologia, el desarrollo y la estructura de la piel</subfield>
  </datafield>
  <datafield tag="653" ind1=" " ind2=" ">
    <subfield code="a">Trastornos inflamatorios basados en la reactividad y la desregulacion de los linfocitos T.</subfield>
  </datafield>
  <datafield tag="653" ind1=" " ind2=" ">
    <subfield code="a">Enfermedades inflamatorias basadas en los neutr&#xF3;filos y los eosin&#xF3;filos.</subfield>
  </datafield>
  <datafield tag="653" ind1=" " ind2=" ">
    <subfield code="a">Enfermedades inflamatorias desencadenadas por reactividad humoral anormal y otras enfermedades inflamatorias</subfield>
  </datafield>
  <datafield tag="653" ind1=" " ind2=" ">
    <subfield code="a">Trastornos de la diferenciaci&#xF3;n y la queratinizaci&#xF3;n epid&#xE9;rmicas</subfield>
  </datafield>
  <datafield tag="653" ind1=" " ind2=" ">
    <subfield code="a">Trastornos de la cohesi&#xF3;n epid&#xE9;rmica y dermoepid&#xE9;rmica y trastorno vesiculares y ampollares</subfield>
  </datafield>
  <datafield tag="653" ind1=" " ind2=" ">
    <subfield code="a">Trastorno del tejido conectivo de la dermis</subfield>
  </datafield>
  <datafield tag="653" ind1=" " ind2=" ">
    <subfield code="a">Trastorno del tejido subcutaneo</subfield>
  </datafield>
  <datafield tag="653" ind1=" " ind2=" ">
    <subfield code="a">Trastorno de los melanocitos</subfield>
  </datafield>
  <datafield tag="653" ind1=" " ind2=" ">
    <subfield code="a">Afecciones de la mucosas ora y genital</subfield>
  </datafield>
  <datafield tag="700" ind1="1" ind2=" ">
    <subfield code="a">Wolff, Klaus</subfield>
    <subfield code="e">Dir.</subfield>
    <subfield code="9">191</subfield>
  </datafield>
  <datafield tag="700" ind1="1" ind2=" ">
    <subfield code="a">Goldsmith, Lowell</subfield>
    <subfield code="e">Dir.</subfield>
    <subfield code="9">4036</subfield>
  </datafield>
  <datafield tag="700" ind1="1" ind2=" ">
    <subfield code="a">Katz, Stephen I.</subfield>
    <subfield code="e">Dir.</subfield>
    <subfield code="9">194</subfield>
  </datafield>
  <datafield tag="700" ind1="1" ind2=" ">
    <subfield code="a">Gilchrest, Barbara A.</subfield>
    <subfield code="e">Dir.</subfield>
    <subfield code="9">4037</subfield>
  </datafield>
  <datafield tag="700" ind1="1" ind2=" ">
    <subfield code="a">Paller, Amy S.</subfield>
    <subfield code="e">Dir.</subfield>
    <subfield code="9">4038</subfield>
  </datafield>
  <datafield tag="700" ind1="1" ind2=" ">
    <subfield code="a">Leffell, David J.</subfield>
    <subfield code="e">Dir.</subfield>
    <subfield code="9">4039</subfield>
  </datafield>
  <datafield tag="942" ind1=" " ind2=" ">
    <subfield code="2">ddc</subfield>
    <subfield code="c">BK</subfield>
  </datafield>
  <datafield tag="999" ind1=" " ind2=" ">
    <subfield code="c">2886</subfield>
    <subfield code="d">2886</subfield>
  </datafield>
  <datafield tag="952" ind1=" " ind2=" ">
    <subfield code="0">0</subfield>
    <subfield code="1">0</subfield>
    <subfield code="2">ddc</subfield>
    <subfield code="4">0</subfield>
    <subfield code="7">0</subfield>
    <subfield code="a">BFM</subfield>
    <subfield code="b">BFM</subfield>
    <subfield code="c">CR</subfield>
    <subfield code="d">2019-04-04</subfield>
    <subfield code="e">Donaci&#xF3;n Betsabe Alvarez, Abril 2019</subfield>
    <subfield code="l">5</subfield>
    <subfield code="m">2</subfield>
    <subfield code="o">616.5 27 FIT</subfield>
    <subfield code="p">4415</subfield>
    <subfield code="r">2023-11-21</subfield>
    <subfield code="s">2023-11-13</subfield>
    <subfield code="t">Ej.2</subfield>
    <subfield code="w">2019-04-04</subfield>
    <subfield code="y">BK</subfield>
    <subfield code="z">Donaci&#xF3;n Betsabe Alvarez, Abril 2019</subfield>
  </datafield>
</record>
